[Event "Bucharest-ch"]
[Site "Bucharest"]
[Date "2022.05.21"]
[Round "4"]
[White "Vijiila, Cristinel"]
[Black "Armeanu, Ninel Claudiu"]
[Result "1-0"]
[WhiteElo "1802"]
[BlackElo "1611"]
[PlyCount "97"]
[EventDate "2022.05.19"]
[EventType "swiss"]
[EventRounds "7"]
[EventCountry "ROU"]
[SourceTitle "EXT 2023"]
[Source "ChessBase"]
[SourceDate "2022.10.05"]
[SourceVersion "1"]
[SourceVersionDate "2022.10.05"]
[SourceQuality "1"]

1. d4 e6 2. c4 d5 3. Nc3 Nf6 4. Bg5 Be7 5. e3 b6 6. Nf3 Bb7 7. cxd5 Nxd5 8. Bxe7 Qxe7 9. Bb5+ c6 10. Nxd5 exd5 11. Be2 0-0 12. 0-0 Nd7 13. Qa4 h6 14. Rfc1 f5 15. Ba6 Bxa6 16. Qxa6 c5 17. Qb5 Rac8 18. b4 a6 19. Qxa6 c4 20. Qb5 Qe6 21. a4 Ra8 22. a5 Rfb8 23. a6 Ra7 24. Qa4 b5 25. Qc2 Rba8 26. Ra5 g6 27. Rxb5 Rxa6 28. h4 Qc6 29. Ra5 Rxa5 30. bxa5 Rxa5 31. h5 Qe6 32. hxg6 Qe4 33. Qb2 Ra6 34. Qb7 Qe6 35. Nh4 Rb6 36. Qc7 Kg7 37. Qf4 Qf6 38. Ra1 Qg5 39. Ra7 Rb1+ 40. Kh2 Qxf4+ 41. exf4 Rb8 42. Rxd7+ Kg8 43. Rc7 Rf8 44. g4 fxg4 45. f5 h5 46. Kg3 Re8 47. Kf4 Re4+ 48. Kg5 Rxd4 49. f6 1-0

[Event "Bucharest-ch"]
[Site "Bucharest"]
[Date "2022.05.20"]
[Round "2"]
[White "Vijiila, Cristinel"]
[Black "Radu, Ioan"]
[Result "0-1"]
[WhiteElo "1802"]
[BlackElo "2064"]
[PlyCount "87"]
[EventDate "2022.05.19"]
[EventType "swiss"]
[EventRounds "7"]
[EventCountry "ROU"]
[SourceTitle "EXT 2023"]
[Source "ChessBase"]
[SourceDate "2022.10.05"]
[SourceVersion "1"]
[SourceVersionDate "2022.10.05"]
[SourceQuality "1"]

1. d4 Nf6 2. c4 d6 3. Nc3 c6 4. Nf3 Bg4 5. Qc2 Nbd7 6. g3 e5 7. dxe5 dxe5 8. Bg2 Be7 9. 0-0 0-0 10. b3 Qc7 11. Bb2 Rad8 12. Rad1 Rfe8 13. Qc1 Nf8 14. h3 Bh5 15. g4 Bg6 16. Nh4 h5 17. Nxg6 Nxg6 18. Ne4 Nxe4 19. Bxe4 Nf4 20. Qe3 Bf6 21. Qf3 Rxd1 22. Rxd1 Rd8 23. Rxd8+ Qxd8 24. e3 hxg4 25. Qxg4 Ne6 26. h4 Bxh4 27. Bxe5 Bf6 28. Bg3 Qa5 29. Bf5 Nf8 30. Bc8 b6 31. Qe4 Qxa2 32. Qxc6 Qxb3 33. Bd6 Ng6 34. Bh3 Qd1+ 35. Kg2 Nh4+ 36. Kh2 Qxd6+ 37. Qxd6 Be5+ 38. Qxe5 Nf3+ 39. Kg3 Nxe5 40. Bf1 a5 41. Kf4 a4 42. c5 a3 43. cxb6 a2 44. Bb5 0-1

[Event "Bucharest Gaudeamus Cup 1st"]
[Site "Bucharest"]
[Date "2011.03.26"]
[Round "3"]
[White "Neagu, Mihai Cosmin"]
[Black "Vijiila, Cristinel"]
[Result "1-0"]
[WhiteElo "1867"]
[BlackElo "2032"]
[PlyCount "117"]
[EventDate "2011.03.25"]
[EventType "swiss"]
[EventRounds "5"]
[EventCountry "ROU"]
[SourceTitle "CBM 141 Extra"]
[Source "ChessBase"]
[SourceDate "2011.05.03"]
[SourceVersion "1"]
[SourceVersionDate "2011.05.03"]
[SourceQuality "1"]

1. c4 e5 2. Nc3 Nf6 3. g3 Bb4 4. Bg2 0-0 5. d3 Nc6 6. Bd2 d6 7. Nf3 Be6 8. 0-0 h6 9. a3 Bxc3 10. Bxc3 Qd7 11. Re1 Bh3 12. Bh1 Qf5 13. Nh4 Qe6 14. e3 d5 15. Qb3 dxc4 16. dxc4 Rab8 17. Rad1 g5 18. Bd5 Nxd5 19. cxd5 Qg4 20. f3 Qh5 21. dxc6 gxh4 22. Qd5 hxg3 23. hxg3 bxc6 24. Qxe5 Qxe5 25. Bxe5 Be6 26. Rc1 f6 27. Bd4 a6 28. Kf2 Bd7 29. Rc5 Rb5 30. Rc2 Kf7 31. Rd2 Be6 32. Rc1 Rh5 33. Rxc6 Rh2+ 34. Ke1 Rh1+ 35. Ke2 Rc8 36. e4 f5 37. Ke3 fxe4 38. Kxe4 Rh5 39. Be5 Bf5+ 40. Kf4 Be6 41. g4 Rh1 42. Rdc2 h5 43. Rxc7+ Rxc7 44. Rxc7+ Kf8 45. Rh7 h4 46. Bf6 h3 47. Kg3 Rg1+ 48. Kh2 Rf1 49. Rxh3 Bd5 50. Kg2 Rc1 51. Bc3 Bc4 52. Kg3 Rc2 53. Rh1 a5 54. Re1 a4 55. g5 Kf7 56. Re4 Bb3 57. Rb4 Kg8 58. g6 Kf8 59. Rb7 1-0